ReportWorX.NET: универсальная система управления отчётами; Современные технологии автоматизации; № 1

Opis bibliograficzny
Parent link:Современные технологии автоматизации: производственно-технический журнал.— , 2000-.— 0206-975X
№ 1.— 2004.— С. 42-46
1. autor: Долгова А.
Język:rosyjski
Wydane: 2004
Seria:Программное обеспечение/Инструментальные системы
Hasła przedmiotowe:
Format: Rozdział
KOHA link:https://koha.lib.tpu.ru/cgi-bin/koha/opac-detail.pl?biblionumber=391188

MARC

LEADER 00000naa2a2200000 4500
001 391188
005 20231101064045.0
035 |a (RuTPU)RU\TPU\prd\25172 
090 |a 391188 
100 |a 20040413a2004 k y0rusy50 ca 
101 0 |a rus 
102 |a RU 
200 1 |a ReportWorX.NET: универсальная система управления отчётами  |f А. Долгова 
225 1 |a Программное обеспечение/Инструментальные системы 
461 1 |0 (RuTPU)RU\TPU\prd\1759  |x 0206-975X  |t Современные технологии автоматизации  |o производственно-технический журнал  |d 2000- 
463 1 |0 (RuTPU)RU\TPU\prd\24202  |t № 1  |v С. 42-46  |d 2004 
610 1 |a системы управления 
610 1 |a отчётность 
610 1 |a управление отчётами 
610 1 |a программные продукты 
610 1 |a бизнес-процессы 
610 1 |a программные пакеты 
610 1 |a обработка данных 
700 1 |a Долгова  |b А. 
801 1 |a RU  |b 63413507  |c 20040413  |g PSBO 
801 2 |a RU  |b 63413507  |c 20131217  |g RCR 
942 |c BK